| 000 -LEADER |
| fixed length control field |
02611cam a22003258i 4500 |
| 001 - CONTROL NUMBER |
| control field |
21317300 |
| 005 - DATE AND TIME OF LATEST TRANSACTION |
| control field |
20230530145356.0 |
| 006 - FIXED-LENGTH DATA ELEMENTS--ADDITIONAL MATERIAL CHARACTERISTICS |
| fixed length control field |
m |o d | |
| 007 - PHYSICAL DESCRIPTION FIXED FIELD--GENERAL INFORMATION |
| fixed length control field |
cr ||||||||||| |
| 008 - FIXED-LENGTH DATA ELEMENTS--GENERAL INFORMATION |
| fixed length control field |
191121s2020 enk ob 001 0 eng |
| 010 ## - LIBRARY OF CONGRESS CONTROL NUMBER |
| LC control number |
2019052355 |
| 020 ## - INTERNATIONAL STANDARD BOOK NUMBER |
| International Standard Book Number |
9781108764063 |
| 020 ## - INTERNATIONAL STANDARD BOOK NUMBER |
| Canceled/invalid ISBN |
9781108488501 |
| 040 ## - CATALOGING SOURCE |
| Original cataloging agency |
DLC |
| Language of cataloging |
eng |
| Transcribing agency |
DLC |
| Description conventions |
rda |
| 042 ## - AUTHENTICATION CODE |
| Authentication code |
pcc |
| 043 ## - GEOGRAPHIC AREA CODE |
| Geographic area code |
f-ke--- |
| 050 00 - LIBRARY OF CONGRESS CALL NUMBER |
| Classification number |
HN 793.Z9V5575 2020 |
| 100 1# - MAIN ENTRY--PERSONAL NAME |
| Personal name |
Klaus, Kathleen F., |
| Dates associated with a name |
1985- |
| Relator term |
author. |
| 245 10 - TITLE STATEMENT |
| Title |
Political violence in Kenya : |
| Remainder of title |
land, elections, and claim-making / |
| Statement of responsibility, etc. |
Kathleen F. Klaus. |
| 260 ## - PUBLICATION, DISTRIBUTION, ETC. (IMPRINT) |
| Place of publication, distribution, etc. |
Cambridge, United Kingdom: |
| Name of publisher, distributor, etc. |
Cambridge University Press, |
| Date of publication, distribution, etc. |
2020. |
| 300 ## - PHYSICAL DESCRIPTION |
| Extent |
xvi, 357 pages : |
| Other physical details |
illustrations, maps. |
| 504 ## - BIBLIOGRAPHY, ETC. NOTE |
| Bibliography, etc |
Includes bibliographical references and index. |
| 520 ## - SUMMARY, ETC. |
| Summary, etc. |
"On the evening of December 30 2007, Kenya's Electoral Commission (ECK) announced the winners of the general election. Residents in the farming community of Mauche had gathered around radios and televisions in local bars and cafés to listen to the electoral results. Community members, most of whom identified as Kalenjin, were confident that their candidate, Raila Odinga of the opposition Orange Democratic Movement (ODM) party, would win. The mood shifted quickly, however, as the incoming electoral returns pointed to a victory for incumbent Party of National Unity (PNU). ODM supporters in Mauche and elsewhere viewed the PNU win as a sign that the incumbent party had rigged the election. Anxiety and tension grew as residents watched TV images of a prominent ODM candidate, William Ruto, dragged off-stage by Kenya's military police. A young resident recounts, "When we saw this we knew the whole of the Kalenjin community had no one to champion for their rights, so the youths from the Kalenjin community proceeded to attack the Kikuyu." Another resident explains how some community members "resorted to fighting" when their candidate didn't win because "they knew the next thing was their eviction." That evening, Mauche residents crossed into the neighboring village of Likia and began torching the homes and properties of their Kikuyu neighbors."-- |
| 650 #0 - SUBJECT ADDED ENTRY--TOPICAL TERM |
| Topical term or geographic name as entry element |
Political violence |
| Geographic subdivision |
Kenya. |
| 650 #0 - SUBJECT ADDED ENTRY--TOPICAL TERM |
| Topical term or geographic name as entry element |
Land tenure |
| General subdivision |
Political aspects |
| Geographic subdivision |
Kenya. |
| 650 #0 - SUBJECT ADDED ENTRY--TOPICAL TERM |
| Topical term or geographic name as entry element |
Elections |
| General subdivision |
Corrupt practices |
| Geographic subdivision |
Kenya. |
| 650 #0 - SUBJECT ADDED ENTRY--TOPICAL TERM |
| Topical term or geographic name as entry element |
Ethnic conflict |
| Geographic subdivision |
Kenya. |
| 776 08 - ADDITIONAL PHYSICAL FORM ENTRY |
| Relationship information |
Print version: |
| Main entry heading |
Klaus, Kathleen F., 1985- |
| Title |
Political violence in Kenya |
| Place, publisher, and date of publication |
Cambridge, United Kingdom ; New York, NY : Cambridge University Press, 2020. |
| International Standard Book Number |
9781108488501 |
| Record control number |
(DLC) 2019052354 |
| 942 ## - ADDED ENTRY ELEMENTS (KOHA) |
| Source of classification or shelving scheme |
|
| Koha item type |
Hard Covered Materials |
| Classification part |
HN 793.Z9V5575 2020 |